Brokári o majstrovské tituly

Bibliographic Details
Format: Article
Language:Slovak
PhysicalDescription:Fotogr.
ISSN:1335-5740
Subjects:

MARC

LEADER 00000nab a2200000 ar4500
001 vtls008955015
003 SK-MaSNL
005 20260304232125.0
008 250505c2006 xo |||||||||||000 b|slo
015 |a SNBRB2007/03  |2 snkbucl 
035 |a (uuid)ac1472f2-9836-4728-86e3-a8b47aa2e6e5 
035 |a urn:nbn:sk:snk-ab24k1 
035 |a (urnnbn)urn:nbn:sk:snk:ar-a01liu 
038 |a SNKBUCL 
040 |a SNKBUCL  |b slo  |c SNKBUCL  |e AACR2 
041 0 |a slo 
044 |a xo  |c SK 
080 |a 799.312.093.1  |x (437.6)  |2 1997 
245 0 0 |a Brokári o majstrovské tituly  |c text a foto: LUME 
300 |b Fotogr. 
611 2 7 |a Majstrovstvá Slovenska v streľbe z brokových zbraní  |d (2006 :  |c Trnava, Slovensko)  |2 snkbucl  |9 1566445 
650 0 7 |a športová streľba  |2 snkbucl  |9 29098 
650 0 7 |a brokové zbrane  |2 snkbucl  |9 1566423 
651 7 |a Trnava (Slovensko)  |2 snkbucl  |9 19407 
773 0 |t Zbrane, strelci a lovci  |g Roč. VII, č. 6 (2006), s. 79  |x 1335-5740 
850 |a Slovenská národná knižnica 
852 |a Slovenská národná knižnica 
954 |a odborná, vedecká literatúra pôvodná (slovenská)  |2 lita 
958 |a article27 
958 |a SK 
958 |a OND 
958 |a EUIPO 
999 |c 3192155  |d 3194085